| 000 | 00464nam a2200169Ia 4500 | ||
|---|---|---|---|
| 999 |
_c28145 _d28145 |
||
| 003 | OSt | ||
| 005 | 20201231134800.0 | ||
| 008 | 190216s9999||||xx |||||||||||||| ||und|| | ||
| 040 | _coclc | ||
| 082 |
_a894.812301 _bURO/N |
||
| 100 |
_aUroob _96421 |
||
| 245 | 0 |
_aNeerchalukal / _cUroob |
|
| 260 |
_bPoorna Publications, _aKozhikode: _c1999. |
||
| 300 | _a88p | ||
| 650 | _aKathakal | ||
| 942 |
_cBK _2ddc _h894.812301 _iURO/N _k894.812301 _mURO/N |
||